00777cam a22002531 4500001001300000003000400013005001700017008004100034010001700075025001900092035001900111040002600130042001200156050001600168100003000184245008100214260006100295300002300356490003700379504003100416651002200447740003700469999001700506sa 65000037 DLC20260227112100.0760505s1964 ii b 000 0 eng  asa 65000037  aPL480:I-E-3143 a(OCoLC)2158990 aDLCcOAkUdOCoLCdDLC apremarc00aPK1508b.S21 aSarkar, Amal,d1923-eed.10aHandbook of languages and dialects of India.cWith an introd. by Y.M. Mulay. aCalcutta,bDistributors: Firma K.L. Mukhopadhyay,c1964. axx, 109 p.c22 cm.0 aReference and information series aBibliographical footnotes. 0aIndiaxLanguages.0 aLanguages and dialects of India. c61347d61347